| 000 | 00370nam a22001577a 4500 | ||
|---|---|---|---|
| 003 | OSt | ||
| 005 | 20230428054338.0 | ||
| 008 | 230428b |||||||| |||| 00| 0 eng d | ||
| 020 | _a9780140157567 | ||
| 040 | _ckul | ||
| 082 |
_a863.64 _bMAR.C |
||
| 084 | _2Colon Classification | ||
| 100 | _aMarquez, Gabriel Garcia | ||
| 245 | _aCollected Stories | ||
| 942 |
_2ddc _cBK |
||
| 999 |
_c680512 _d680512 |
||